01386nam a2200265 4500003000900000020002000009040002800029082001700057100003200074245018300106260003600289300005500325500004900380500004900429520021600478534004900694600007300743600006800816650004700884650005100931650003700982650004001019700003501059700002601094CO-ViMGA a 9789583046186  aCO-ViMGAbspacCO-ViMGA04a 193 bM65L 1 a Mongin, Jean Paul, d1979-10aLeibniz o el mejor de los mundos posibles /ccontado por Jean Paul Mongin ; ilustrado por Julia Wauters ; edición César A. Cardozo Tovar ; traducción María Pilar Queralt  aBogota :bPanamericana, c2015. a63 páginas : b ilustraciones en color ; 21 cm  a incluye datos biográficos de los autores  aRecomendado para personas de 10 a 12 años  a "Trata del pensamiento filosófico de Leibniz, uno de los grandes pensadores de la humanidad, que junto a su amigo Teodoro, da a conocer el universo y lo que contiene, y cuestionándose el problema del mal".  tLeibniz ou le Meilleur des Mondes Possibles  aLeibniz, Gottfried Wilhelm d 1646-1716 xPensamiento filosófico  aLeibniz, Gottfried Wilhelmd 1646-1716 xAspectos biográficos14a Filosofía alemanaxLiteratura infantil 14a Filósofos alemanes x Literatura infantil 14a UniversoxLiteratura infantil 14aMetafísica xLiteratura infantil 1 a Queralt, María Pilar, etr.1 a Wauters, Julia,eil.